Голяма енциклопедия за динозаврите (Запис номер 65555)
[ съкратено ]
| 000 -Лидер | |
|---|---|
| Контролно поле с фиксирана дължина | 01629nam a2200385 a 4500 |
| 003 - Код на организацията, давaща контролен номер | |
| Контролно поле | BLK |
| 005 - Дата и час на последна редакция | |
| Контролно поле | 20250213131605.0 |
| 008 - Елементи от данни с фиксирана дължина | |
| fixed length control field | 180408b bul|||||r ||||||| ||bul|| |
| 010 ## - Наследен системен номер | |
| LC control number | KNG00069833000 |
| 020 ## - Международен стандартен номер на книга ISBN | |
| Международен стандартен номер на книга ISBN | 954-625-339-1 |
| 040 ## - Източник на каталожния запис | |
| Идентификатор на билиотеката - собственик на записа | BLK |
| 041 ## - Код за език | |
| Код за езика на текст/звукозапис или на отделно заглавие | Български |
| Код за езика КДБФ | Български |
| 080 ## - УДК | |
| Текстов определител УДК | Динозаври |
| УДК код - определител по УДК | 568.1 |
| УДК определител | :087.5(031) |
| УДК - код + определител | 568.1:087.5(031) |
| 100 ## - Редна дума - Автор | |
| Автор | Дейвидсън, Сузана |
| Автор - информация (биография) | Английска авторка на книги за деца. |
| R(LIN) | 489118 |
| 139 ## - Редно поле | |
| Редна дума | Дейвидсън, Сузана и др. |
| Авторски знак | Деи - Д 34 |
| 245 10 - Сведения за заглавието | |
| Заглавие | Голяма енциклопедия за динозаврите |
| Подзаглавни данни | С адреси в Интернет |
| Редно поле (дума) | Сузана Дейвидсън; съавт. Стефани Търнбул; съавт. Рейчъл Фърт; прев. Златозар Николаев Боев. |
| 257 ## - Страна на издаване | |
| Страна на създаване/издаване | Великобритания |
| 260 ## - Област на издателските данни | |
| Име на издателя, разпространителя и проч. | Фют |
| Година на издаване | 2004 |
| Печатница | Отпеч. в Дубай |
| Място на издаване, разпространение и проч. | София |
| 300 ## - Физическа характеристика | |
| Страници | 144 с. |
| Илюстрации и др. | с цв. ил. |
| Размери/Мащаб | 31 см |
| 380 ## - Жанр | |
| Жанр | Детска отраслова лит. |
| 500 ## - Общи забележки | |
| Забележка | Съдържа и Наръчник за динозаври ; Речник. - Азб. показалец |
| 650 #4 - Допълнително описание по предмет – тема | |
| Основно описание – тема или топоним | Динозаври |
| 9 (RLIN) | 153483 |
| 653 ## - Ключова дума – ненормативна | |
| Ключова дума | динозаври |
| 653 ## - Ключова дума – ненормативна | |
| Ключова дума | енциклопедии |
| 700 1# - Други автори (авторска отговорност) | |
| Лично име | Търнбул, Стефани |
| Автороска отговорност (Описва отношението между автора и произведението) | съавт. |
| 9 (RLIN) | 131922 |
| 700 1# - Други автори (авторска отговорност) | |
| Лично име | Фърт, Рейчъл |
| Автороска отговорност (Описва отношението между автора и произведението) | съавт. |
| 9 (RLIN) | 292523 |
| 700 ## - Други автори (авторска отговорност) | |
| Лично име | Боев, Златозар Николаев |
| 9 (RLIN) | 364135 |
| 852 ## - Местоположение | |
| Форматна сигнатура | Цб ІІ 14156 |
| Фондова буква | Хранилище |
| 856 4# - Електронен адрес и достъп | |
| Електронен формат | pdf - файл |
| 856 4# - Електронен адрес и достъп | |
| Електронен формат | pdf - файл |
| 999 ## - СИСТЕМНИ КОНТРОЛНИ НОМЕРА | |
| Koha biblionumber | 65555 |
| Koha biblioitemnumber | 65555 |
| 942 ## - АРТИКУЛИ | |
| Вид на библиотечния материал | Книги |
| Скрит в OPAC | Не |
| Koha issues (borrowed), all copies | 8 |
| Периодичен библиозапис | Да |
| 944 ## - СЪЗДАВАНЕ И РЕДАКЦИЯ на ЗАПИСА | |
| Създаване/Редакция | Създаване |
| Дата на регистрацията/редакция | 05.12.2006 |
| Служител, извършил регистрацията/редакцията | 30560 |
| Статус, дата на статуса | Геновева Генчева |
| 944 ## - СЪЗДАВАНЕ И РЕДАКЦИЯ на ЗАПИСА | |
| Създаване/Редакция | Редакция |
| Дата на регистрацията/редакция | 08.12.2006 |
| 999 ## - СИСТЕМНИ КОНТРОЛНИ НОМЕРА | |
| Koha biblioitemnumber | 65555 |
| Код за отписване | Код за изгубен артикул | Източник на класификационната схема | Код за повреда | Коз за рестрикции | Код за отдаване | Артикулен № | Име на библиотеката - собственик | Име на библиотеката, в която се намира в момента | Статус (Текущо местоположение) | Дата на вписване в системата | Местоположение - отдел | Цена в лева | Инвентарен номер | Систематично азбучна сигнатура | Баркод | Номер на екземпляра | Цена в евро | Служебна бележка | Служебен тип на артикула |
|---|---|---|---|---|---|---|---|---|---|---|---|---|---|---|---|---|---|---|---|
| Не е изгубен | Universal Decimal Classification | Не е повреден | само за читалня | ползва се в читалня | 108122 | Регионална библиотека "Любен Каравелов" Русе | Регионална библиотека "Любен Каравелов" Русе | Хранилище | 2006-12-05 | Хранилище | 17.90 | 120000707168 | Цб ІІ 14156 | 120000707168 | 1 | 9.15 | Дост: Dp Вид: Д N: 4 Дата: 04.01.2006 | Книги | |
| Изтеглен | Не е изгубен | Universal Decimal Classification | Не е повреден | без рестрикции | заемане за дома | 108123 | Регионална библиотека "Любен Каравелов" Русе | Регионална библиотека "Любен Каравелов" Русе | Детски отдел | 2006-12-06 | Детски отдел | 17.90 | 120000707191 | Д 5/Д 34 | 120000707191 | 2 | 9.15 | Дост: Pk Вид: Ф N: 46353 Дата: 05.12.2006 Дата инв: 04.09.2015 Бележки инв: Д2015 | Книги |